| 000 | 00783nab a2200241 4500 | ||
|---|---|---|---|
| 003 | BR-BrBNA | ||
| 005 | 20250220180548.0 | ||
| 008 | 250220b bl.||||| |||| 00| 0 por d | ||
| 040 |
_aBR-BrBNA _bpor |
||
| 072 | _aE11; E16 ; D50 | ||
| 100 | _aAttuch, Leonardo | ||
| 245 |
_aProntos para invadir _bAgroeconomia |
||
| 500 | _a4 illus.; 1 table | ||
| 650 | _aREFORMA AGRÁRIA | ||
| 650 | _aAGRICULTOR SEM TERRA | ||
| 650 | _aPRODUTIVIDADE | ||
| 650 | _aRENDIMENTO | ||
| 650 | _aDESAPROPRIAÇÃO | ||
| 650 | _aNORMALIZAÇÃO | ||
| 773 | 0 |
_01706 _9347820 _dSão Paulo-SP Editora Três Ltda - E-mail: luizfsa@revistadinheiro.com.br 2004 _o2025-0322 _tDinheiro Rural (Brazil) _x1807-3700 _gv. 2(7) p. 24-26; (May 2005) _wBR2024004790 |
|
| 942 | _cANA | ||
| 999 |
_c330074 _d330074 |
||